Crónica del alba / (Record no. 143295)

MARC details
000 -LEADER
campo de control de longitud fija 00543nam a2200193 4500
001 - NÚMERO DE CONTROL
campo de control 143295
003 - IDENTIFICADOR DE NÚMERO DE CONTROL
campo de control ES-MaACL
005 - FECHA Y HORA DE LA ÚLTIMA TRANSACCIÓN
campo de control 20231228205939.0
007 - CAMPO FIJO DE DESCRIPCIÓN FÍSICA--INFORMACIÓN GENERAL
campo de control de longitud fija t|
008 - DATOS DE LONGITUD FIJA--INFORMACIÓN GENERAL
campo de control de longitud fija 070214s1942 mx r ||||1| spa d
100 1# - ENTRADA PRINCIPAL--NOMBRE DE PERSONA
Nombre de persona Sender, Ramón J.,
Fechas asociadas al nombre 1901-1982
9 (RLIN) 105441
245 10 - MENCIÓN DEL TÍTULO
Título Crónica del alba /
Mención de responsabilidad, etc. Ramón J. Sender.
260 ## - PUBLICACIÓN, DISTRIBUCIÓN, ETC.
Lugar de publicación, distribución, etc. México :
Nombre del editor, distribuidor, etc. Ed. Nuevo Mundo,
Fecha de publicación, distribución, etc. 1942.
300 ## - DESCRIPCIÓN FÍSICA
Extensión 259 p. ;
Dimensiones 15 cm.
490 1# - MENCIÓN DE SERIE
Mención de serie Biblioteca moderna
830 0# - PUNTO DE ACCESO ADICIONAL DE SERIE-TÍTULO UNIFORME
Título uniforme Biblioteca moderna
9 (RLIN) 183640
852 ## - LOCALIZACIÓN
Ubicación ES-MaACL
Número de control de estantería D-5729
Sublocalización o colección R.29527
Holdings
Estatus retirado Estado de pérdida Estado de daño No para préstamo Biblioteca de origen Biblioteca actual Ubicación en estantería Fecha de adquisición Fuente de adquisición Total de préstamos Signatura topográfica completa Código de barras Visto por última vez Precio de reemplazo Tipo de ítem Koha
        Biblioteca del Ateneo de Madrid Biblioteca del Ateneo de Madrid Sala Valle Inclán 17/01/2008     D-5729 901149090 23/02/2023 23/02/2023 Libro impreso